000 00896nam a2200265 4500
001 vtls001923804
003 NLI
005 20240831132543.0
008 161116t2015 ii d e 001 eng
020 _a9789381245576
_cRs.300.00
_qhbk
039 9 _a201611161315
_bumakar
040 _aNLI
_beng
_cEPD
082 _223rd ed.
_a362.1095414
_bSe 55
100 1 _aSen, Suchibrata
_91206617
245 1 0 _aBirbhum, malaria and Harry Timbres :
_ba social history of health and medicine: in a colonial Bengal district /
_cSuchibrata Sen
260 _aKolkata :
_bAshadeep,
_cc2015.
300 _a232 p.:
_bcharts;
_c22 cm.
500 _aIncludes index.
600 1 0 _aTimbres, Harry,
_d1899-1937
_91560035
650 _aMalaria
_xHistory
_y19th century
_zIndia
_zBirbhum (District)
_91560036
887 _aSahira Andaleeb Khan (Int.)
887 _apatil240831
903 _aUma
942 _2ddc
_cBKS
999 _c1351069
_d1351069